Collected results of the studies on artificial food chains
Đã lưu trong:
| Định dạng: | Sách |
|---|---|
| Ngôn ngữ: | Undetermined |
| Được phát hành: |
[Germany]
1980
|
| Những chủ đề: | |
| Các nhãn: |
Thêm thẻ
Không có thẻ, Là người đầu tiên thẻ bản ghi này!
|
| Thư viện lưu trữ: | Trung tâm Học liệu Trường Đại học Cần Thơ |
|---|
| LEADER | 00484nam a2200157Ia 4500 | ||
|---|---|---|---|
| 001 | CTU_150524 | ||
| 008 | 210402s9999 xx 000 0 und d | ||
| 082 | |a 636.084 | ||
| 082 | |b C697 | ||
| 245 | 0 | |a Collected results of the studies on artificial food chains | |
| 245 | 0 | |c P. H. Koske ...[et al.] | |
| 260 | |a [Germany] | ||
| 260 | |c 1980 | ||
| 650 | |a Feeding and feeds,Thức ăn chăn nuôi | ||
| 904 | |i Trọng Hải | ||
| 980 | |a Trung tâm Học liệu Trường Đại học Cần Thơ | ||